000 00620nam a22002057a 4500
003 Ost
005 20260414032615.0
008 260413b |||||||| |||| 00| 0 eng d
020 _a8123913621
040 _cBT-PhCST
050 _aD4669
082 _222
_a624.15121
_bMUR
100 _aMurthy, V.N.S
245 _aTextbook of soil mechanics and foundation engineering :
_bgeotechnical engineering series /
260 _aNew Delhi :
_bCBS Publishers & Distributors,
_cc2009.
300 _axxiii, 1043 p. ;
_bill.
_c27 cm.
500 _aIncludes index.
504 _aincludes references and index
942 _2ddc
_cMEC
999 _c10237
_d10237